Broadway musical Quiz - Statistics

General Stats
  • This quiz has been taken 762 times
  • The average score is 11 of 15
Answer Stats
Hint Answer % Correct
The story behind the witches of Oz Wicked
93%
Story of a poor Arabian theif that meets a genie and marries a princess Aladdin
92%
A sweet, innocent Australian girl falls in love with a tough Greaser Grease
90%
A re-telling of Romeo and Juliet told with two rival gangs: The Sharks and the Jets West Side Story
88%
The Von Trapp family singers try to escape the Nazis The sound of Music
86%
A poor boy gets a golden ticket and inherits a chocolate factory Charlie and the Chocolate Factory
83%
Basically Hamlet with lions The Lion King
83%
A hilarious "religious" musical written by Trey Parker, Creator of South Park The Book of Mormon
70%
A saterical show done with puppets Avenue Q
67%
A Welsh boy that has a neatural gift when it comes to dancing Billy Elliot
62%
The story of the two most wanted outlaws of the 1930's Bonnie and Clyde
61%
A re-telling of the Taming of the Shrew about a cockney woman who learns propper english My Fair Lady
57%
Tells the story of how Frankie Valli and the four seasons rose to fame Jersey Boys
56%
Based on the Brian De Palma movie about a bullied girl wth telekinesis Carrie
42%
Based on the popular books by J.K Rowling A very Potter musical
27%
No matching quizzes found
Score Distribution
Percent of People with Each Score
Percentile by Number Answered
Your Score History
You have not taken this quiz